[Event "XXI Dobczyce"]
[Site "Dobczyce "]
[Date "2013.??.??"]
[Round "5.5"]
[White "Tomaka, Marek"]
[Black "Gromada, Andrzej"]
[Result "0-1"]
[WhiteElo "1617"]
[BlackElo "1871"]
[PlyCount "84"]
[EventDate "2013.??.??"]

1. e4 e5 2. Nf3 Nc6 3. Bc4 Bc5 4. c3 Nf6 5. d3 d6 6. O-O a6 7. Bb3 O-O 8. Nbd2
Ba7 9. h3 Re8 10. Re1 Be6 11. Bc2 h6 12. Nf1 Qe7 13. Ng3 Nh7 14. d4 Bd7 15. Nf5
Bxf5 16. exf5 Qf6 17. d5 Ne7 18. Qd3 Kf8 19. g3 Ng8 20. Nh2 Qd8 21. Ng4 Nhf6
22. Nxf6 Nxf6 23. Qe2 Nxd5 24. c4 Nf6 25. g4 Nh7 26. Kg2 Qh4 27. Qf3 Bd4 28.
Rb1 Rab8 29. Re4 Ng5 30. Bxg5 Qxg5 31. Kg3 Qd2 32. Bd3 Bxf2+ 33. Kg2 Be3+ 34.
Be2 Bf4 35. h4 f6 36. Rd1 Qxb2 37. g5 fxg5 38. hxg5 Bxg5 39. Rh1 Kg8 40. Rg4
Qd2 41. Rh5 Kf8 42. Kh3 Qe3 0-1

[Event "XXI Dobczyce"]
[Site "Dobczyce "]
[Date "2013.??.??"]
[Round "5.6"]
[White "Bus, Konrad"]
[Black "Bik, Maciej"]
[Result "1-0"]
[WhiteElo "2070"]
[BlackElo "1789"]
[PlyCount "61"]
[EventDate "2013.??.??"]

1. Nf3 d5 2. d4 e6 3. c4 c5 4. cxd5 exd5 5. Nc3 Nc6 6. g3 Nf6 7. Bg2 cxd4 8.
Nxd4 Be7 9. O-O O-O 10. Be3 Re8 11. Rc1 a6 12. Nxc6 bxc6 13. Na4 Bd7 14. Bc5
Bxc5 15. Nxc5 Qb6 16. Nxd7 Nxd7 17. Qc2 Rac8 18. e3 h6 19. Bh3 Red8 20. Rfd1 g6
21. Qc3 f5 22. g4 fxg4 23. Bxg4 Kh7 24. e4 Rf8 25. Bxd7 Qxf2+ 26. Kh1 Rf3 27.
Qe1 Qxb2 28. Bxc8 Rf2 29. Qg1 Qe2 30. Bh3 Qxe4+ 31. Bg2 1-0

[Event "XXI Dobczyce"]
[Site "Dobczyce "]
[Date "2013.??.??"]
[Round "6.1"]
[White "Barski, Radoslaw"]
[Black "Chmiel, Marcin"]
[Result "1/2-1/2"]
[WhiteElo "2247"]
[BlackElo "2008"]
[PlyCount "58"]
[EventDate "2013.??.??"]

1. e4 c5 2. Nf3 Nc6 3. d4 cxd4 4. Nxd4 g6 5. Nc3 Bg7 6. Be3 Nf6 7. Bc4 O-O 8.
Bb3 d6 9. f3 Bd7 10. Qd2 Nxd4 11. Bxd4 b5 12. O-O a5 13. a3 a4 14. Ba2 Qa5 15.
Rae1 b4 16. axb4 Qxb4 17. f4 Bc6 18. e5 dxe5 19. fxe5 Rad8 20. Rd1 Ne4 21. Qe3
Bh6 22. Qxh6 Rxd4 23. Qe3 Nxc3 24. bxc3 Rg4 25. cxb4 Rxg2+ 26. Kh1 Rg3+ 27. Bd5
Bxd5+ 28. Rxd5 Rxe3 29. Rc5 Rd8 1/2-1/2

[Event "XXI Dobczyce"]
[Site "Dobczyce "]
[Date "2013.??.??"]
[Round "6.2"]
[White "Khamitskiy, Sergei"]
[Black "Bus, Konrad"]
[Result "1-0"]
[WhiteElo "2278"]
[BlackElo "2070"]
[PlyCount "149"]
[EventDate "2013.??.??"]

1. d4 d5 2. c4 c6 3. Nf3 Nf6 4. Nc3 a6 5. a4 g6 6. Bf4 Bg7 7. e3 O-O 8. a5 Nbd7
9. cxd5 Nxd5 10. Nxd5 cxd5 11. Qb3 e6 12. Be2 Nb8 13. O-O Nc6 14. Qb6 Qxb6 15.
axb6 Bd7 16. b4 f6 17. Bd6 Rfe8 18. b5 axb5 19. Bxb5 Ne5 20. Bxd7 Nxd7 21. Bc7
Rec8 22. Rfb1 Bf8 23. Ra7 Be7 24. Rxb7 Bd8 25. Bxd8 Rxd8 26. Ne1 Kf7 27. Nd3
Ke7 28. Nc5 Rab8 29. Rxb8 Rxb8 30. b7 Nxc5 31. dxc5 Kd7 32. Rb6 Kc7 33. Rxe6
Rxb7 34. g4 Rb4 35. h3 f5 36. gxf5 gxf5 37. Rd6 f4 38. exf4 Rxf4 39. Rxd5 Kc6
40. Rg5 Rc4 41. Kg2 Rxc5 42. Rg7 Kd6 43. Rxh7 Rg5+ 44. Kf3 Ke6 45. h4 Rf5+ 46.
Kg3 Kf6 47. Rh6+ Kg7 48. Ra6 Rb5 49. Re6 Ra5 50. f3 Kf7 51. Re4 Kg6 52. Kg4 Ra1
53. Re6+ Kf7 54. Rb6 Kg7 55. Rb4 Ra7 56. Rb5 Rc7 57. f4 Ra7 58. Kg5 Rc7 59. h5
Ra7 60. Re5 Rb7 61. f5 Ra7 62. Re6 Rb7 63. Rg6+ Kh7 64. Ra6 Kg7 65. Re6 Ra7 66.
Re5 Rb7 67. f6+ Kf7 68. h6 Rb1 69. Re7+ Kf8 70. Rg7 Rg1+ 71. Kf5 Rf1+ 72. Ke6
Re1+ 73. Kd7 Rd1+ 74. Ke6 Re1+ 75. Kd5 1-0

[Event "XXI Dobczyce"]
[Site "Dobczyce "]
[Date "2013.??.??"]
[Round "6.4"]
[White "Gromada, Andrzej"]
[Black "Kyc, Jerzy"]
[Result "1-0"]
[WhiteElo "1871"]
[BlackElo "1951"]
[PlyCount "117"]
[EventDate "2013.??.??"]

1. Nf3 Nf6 2. c4 g6 3. d4 Bg7 4. g3 O-O 5. Bg2 c5 6. d5 d6 7. Nc3 Nbd7 8. O-O
a6 9. a4 Qc7 10. h3 b6 11. e4 Bb7 12. Be3 Ne5 13. Nxe5 dxe5 14. Qc2 a5 15. Rad1
Rad8 16. Kh1 Ne8 17. Nb5 Qc8 18. Kh2 Nd6 19. h4 Qa8 20. Bg5 f6 21. Be3 Qb8 22.
Nxd6 exd6 23. Bh3 Bc8 24. Bxc8 Qxc8 25. Qb3 Qd7 26. Qxb6 Qxa4 27. b3 Qa2 28.
Ra1 Qc2 29. Rxa5 Qxe4 30. Ra7 g5 31. hxg5 Qg6 32. gxf6 Qxf6 33. Qc7 Rb8 34. Rb7
Rxb7 35. Qxb7 e4 36. Qd7 Rb8 37. Bf4 Bf8 38. Re1 Rxb3 39. Rxe4 Rb4 40. Qg4+ Qg6
41. Qe2 Qf7 42. Bc1 h5 43. Rh4 Bg7 44. Rxh5 Rxc4 45. Qxc4 Qxh5+ 46. Kg2 Bd4 47.
Bf4 Qg6 48. Qe2 Qf7 49. Qg4+ Bg7 50. Qg5 Qd7 51. Qg6 c4 52. Qxd6 Qc8 53. Qc6
Qf5 54. Qxc4 Kh7 55. d6 Qd7 56. Qe4+ Kg8 57. Kh2 Qd8 58. Qe7 Qb6 59. Be3 1-0

[Event "XXI Dobczyce"]
[Site "Dobczyce "]
[Date "2013.??.??"]
[Round "6.5"]
[White "Watorek, Marcin"]
[Black "Tracz, Marcelina"]
[Result "1-0"]
[WhiteElo "2122"]
[BlackElo "1709"]
[PlyCount "59"]
[EventDate "2013.??.??"]

1. d4 d5 2. c4 e6 3. Nc3 Nf6 4. Bg5 Nbd7 5. Nf3 c6 6. e3 Bb4 7. cxd5 exd5 8.
Bd3 Qa5 9. Qc2 O-O 10. O-O Re8 11. Ne5 h6 12. Bxf6 Nxf6 13. f4 Ng4 14. Rf3 Bxc3
15. bxc3 c5 16. Rg3 Nxe5 17. fxe5 c4 18. Bh7+ Kh8 19. Rf1 Be6 20. Bf5 Qc7 21.
Bxe6 Rxe6 22. Qf5 Re7 23. Rf4 Qd7 24. Qh5 Rc8 25. Rfg4 Qb5 26. h3 Qb1+ 27. Kh2
Qd1 28. Qh4 Re6 29. Rxg7 Rf8 30. Rxf7 1-0

[Event "XXI Dobczyce"]
[Site "Dobczyce "]
[Date "2013.??.??"]
[Round "6.6"]
[White "Sleczka, Bartosz"]
[Black "Kuciel, Wladyslaw"]
[Result "0-1"]
[WhiteElo "1936"]
[BlackElo "1975"]
[PlyCount "86"]
[EventDate "2013.??.??"]

1. e4 c5 2. Nf3 Nc6 3. Bc4 e6 4. d3 Nf6 5. Qe2 b5 6. Bb3 d6 7. O-O Bb7 8. c3
Be7 9. Rd1 Qc7 10. Nbd2 O-O 11. Nf1 Na5 12. Bc2 e5 13. h3 Rfe8 14. Ng3 g6 15.
Nh2 d5 16. Bh6 Bf8 17. Qd2 dxe4 18. dxe4 Nc4 19. Qg5 Be7 20. Qc1 Rad8 21. Re1
Bf8 22. Nf5 Kh8 23. Bxf8 Rxf8 24. Qh6 Rg8 25. Qg5 Ne8 26. Nh6 f6 27. Qh4 Rf8
28. Nf3 Ng7 29. a4 b4 30. cxb4 cxb4 31. Rac1 Qe7 32. Bb3 Na5 33. Nf7+ Rxf7 34.
Bxf7 g5 35. Qg3 Qxf7 36. Rc5 Nb3 37. Rb5 Nd4 38. Nxd4 Rxd4 39. Qf3 Qe7 40. Kh2
Ne8 41. Ra5 a6 42. Qg4 Nd6 43. Rc1 Nc4 0-1

[Event "XXI Dobczyce"]
[Site "Dobczyce "]
[Date "2013.??.??"]
[Round "7.1"]
[White "Gromada, Andrzej"]
[Black "Barski, Radoslaw"]
[Result "0-1"]
[WhiteElo "1871"]
[BlackElo "2247"]
[PlyCount "66"]
[EventDate "2013.??.??"]

1. c4 g6 2. g3 Bg7 3. Bg2 c5 4. Nc3 e5 5. d3 Ne7 6. a3 Nbc6 7. Rb1 a5 8. Nf3
O-O 9. O-O d6 10. Ne1 Be6 11. Nd5 Rb8 12. Bd2 b5 13. b3 f5 14. f4 Bf7 15. Nxe7+
Nxe7 16. e4 a4 17. Qc2 Nc6 18. Nf3 fxe4 19. dxe4 axb3 20. Rxb3 Bxc4 21. Re1
Bxb3 22. Qxb3+ c4 23. Qd1 Nd4 24. Be3 Qa5 25. Bxd4 exd4 26. e5 dxe5 27. Nxe5 d3
28. Bd5+ Kh8 29. Nc6 Qb6+ 30. Kg2 Rbe8 31. Ne7 Qd6 32. Re6 Qc5 33. Rc6 Qxe7 0-1

[Event "XXI Dobczyce"]
[Site "Dobczyce "]
[Date "2013.??.??"]
[Round "7.3"]
[White "Zajac, Mateusz"]
[Black "Watorek, Marcin"]
[Result "1/2-1/2"]
[WhiteElo "2035"]
[BlackElo "2122"]
[PlyCount "39"]
[EventDate "2013.??.??"]

1. d4 Nf6 2. c4 e6 3. Nf3 c5 4. d5 exd5 5. cxd5 d6 6. Nc3 g6 7. e4 Bg7 8. h3
O-O 9. Bd3 Re8 10. O-O a6 11. a4 Nbd7 12. Bf4 c4 13. Bc2 Qc7 14. Re1 Rb8 15. a5
Nh5 16. Bh2 b5 17. axb6 Rxb6 18. Na4 Rb4 19. Nd4 Bb7 20. Qd2 1/2-1/2

[Event "XXI Dobczyce"]
[Site "Dobczyce "]
[Date "2013.??.??"]
[Round "7.4"]
[White "Kuciel, Wladyslaw"]
[Black "Slabek, Grzegorz"]
[Result "1-0"]
[WhiteElo "1975"]
[BlackElo "2056"]
[PlyCount "81"]
[EventDate "2013.??.??"]

1. d4 g6 2. c4 f5 3. Nc3 Nf6 4. g3 Bg7 5. Bg2 O-O 6. Nf3 d6 7. O-O a5 8. b3 Na6
9. Bb2 c6 10. a3 Bd7 11. Qc2 Qc7 12. h3 e5 13. e4 exd4 14. Nxd4 fxe4 15. Nxe4
Nxe4 16. Qxe4 Nc5 17. Qc2 Qb6 18. Rad1 Rad8 19. Bc3 Na6 20. Qd2 Ra8 21. Bxa5
Qa7 22. Ne2 Nc5 23. b4 Rfe8 24. Nf4 Be5 25. Bc7 Nb3 26. Qd3 Qxa3 27. Nxg6 hxg6
28. Qxg6+ Bg7 29. Rxd6 Re7 30. Be4 Qb2 31. Rfd1 Be8 32. Rd8 Qe2 33. Qh7+ Kf8
34. Qf5+ Kg8 35. Bf3 Qa2 36. Bh5 Rxd8 37. Rxd8 Qa1+ 38. Kg2 Nd2 39. Rxe8+ Rxe8
40. Qf7+ Kh8 41. Qxe8+ 1-0

[Event "XXI Dobczyce"]
[Site "Dobczyce "]
[Date "2013.??.??"]
[Round "7.5"]
[White "Bus, Konrad"]
[Black "Kuta, Krzysztof"]
[Result "1-0"]
[WhiteElo "2070"]
[BlackElo "1695"]
[PlyCount "135"]
[EventDate "2013.??.??"]

1. Nf3 d5 2. d4 Nf6 3. c4 e6 4. g3 Bb4+ 5. Bd2 Bxd2+ 6. Nbxd2 Nbd7 7. Bg2 O-O
8. O-O Re8 9. Qc2 c6 10. Rad1 Rb8 11. e4 dxe4 12. Nxe4 Nxe4 13. Qxe4 f5 14. Qf4
Ra8 15. d5 cxd5 16. cxd5 e5 17. Qxf5 Nf6 18. Qc2 Qd6 19. Qb3 Rb8 20. Qa3 Qxa3
21. bxa3 Bg4 22. h3 Bxf3 23. Bxf3 e4 24. Bg2 e3 25. Rfe1 exf2+ 26. Kxf2 Rxe1
27. Rxe1 Kf7 28. d6 Rd8 29. Re7+ Kf8 30. Rxb7 Rxd6 31. Rxa7 Rd2+ 32. Kf3 Rxa2
33. Bf1 Rc2 34. g4 g5 35. Ke3 h5 36. gxh5 Nxh5 37. a4 Nf6 38. a5 Nd5+ 39. Ke4
Nb4 40. Rb7 Rf2 41. a6 Rf4+ 42. Ke3 Nd5+ 43. Kd2 Rxf1 44. a7 Rf2+ 45. Ke1 Ra2
46. Rb8+ Kg7 47. a8=Q Rxa8 48. Rxa8 Nf4 49. Ra3 Kg6 50. Kf2 Kh5 51. Kg3 Ne2+
52. Kf3 Nd4+ 53. Kg2 Ne2 54. Ra8 Nf4+ 55. Kf3 Ng6 56. Rg8 Nh4+ 57. Ke4 Ng6 58.
Rg7 Kh6 59. Ra7 Nh4 60. Ra8 Ng6 61. Kf5 Ne7+ 62. Kg4 Kg6 63. Ra6+ Kg7 64. Kxg5
Ng8 65. Ra7+ Kf8 66. h4 Ne7 67. h5 Kg7 68. Rxe7+ 1-0

[Event "XXI Dobczyce"]
[Site "Dobczyce "]
[Date "2013.??.??"]
[Round "8.1"]
[White "Barski, Radoslaw"]
[Black "Kuciel, Wladyslaw"]
[Result "1-0"]
[WhiteElo "2247"]
[BlackElo "1975"]
[PlyCount "51"]
[EventDate "2013.??.??"]

1. e4 c5 2. Nf3 e6 3. d4 cxd4 4. Nxd4 Nc6 5. Nc3 Qc7 6. Be3 a6 7. Bd3 Nf6 8.
O-O Ne5 9. h3 Bc5 10. f4 d6 11. Kh1 Ng6 12. Qe1 Bd7 13. f5 Ne5 14. Qh4 O-O-O
15. a3 Nxd3 16. cxd3 Qb6 17. Qf2 e5 18. Nc2 Qxb2 19. Bxc5 Qxc3 20. Bb6 Qxd3 21.
Nb4 Qb5 22. Bxd8 Rxd8 23. Qa7 Nxe4 24. Rfc1+ Bc6 25. Nxc6 bxc6 26. Rab1 1-0

[Event "XXI Dobczyce"]
[Site "Dobczyce "]
[Date "2013.??.??"]
[Round "8.2"]
[White "Khamitskiy, Sergei"]
[Black "Gromada, Andrzej"]
[Result "1-0"]
[WhiteElo "2278"]
[BlackElo "1871"]
[PlyCount "79"]
[EventDate "2013.??.??"]

1. d4 Nf6 2. c4 g6 3. Nc3 d5 4. Bf4 Bg7 5. e3 O-O 6. Rc1 c6 7. h3 Qa5 8. Nf3
Nbd7 9. Qd2 dxc4 10. Bxc4 Nb6 11. Bb3 Nbd5 12. Nxd5 Qxd2+ 13. Kxd2 Nxd5 14.
Bxd5 cxd5 15. Rc7 Bf6 16. Be5 b6 17. Rhc1 Be6 18. Bxf6 exf6 19. Ne1 Rfc8 20.
Nd3 Kf8 21. Nf4 Re8 22. Nxe6+ Rxe6 23. Rd7 Re7 24. Rcc7 Rxd7 25. Rxd7 Ke8 26.
Rxd5 Rc8 27. Rb5 Kd7 28. Rb3 h5 29. e4 Rc4 30. Rd3 g5 31. b3 Rc8 32. Rf3 Ke6
33. Rc3 Rd8 34. Rc6+ Ke7 35. Rc7+ Ke6 36. Kd3 Rg8 37. d5+ Ke5 38. Re7+ Kf4 39.
Rxf7 Rg6 40. Kd4 1-0

[Event "XXI Dobczyce"]
[Site "Dobczyce "]
[Date "2013.??.??"]
[Round "8.3"]
[White "Zajac, Mateusz"]
[Black "Chmiel, Marcin"]
[Result "1/2-1/2"]
[WhiteElo "2035"]
[BlackElo "2008"]
[PlyCount "35"]
[EventDate "2013.??.??"]

1. d4 d5 2. c4 dxc4 3. e4 Nf6 4. e5 Nd5 5. Bxc4 Nb6 6. Bb3 Nc6 7. Be3 Bf5 8.
Nc3 e6 9. Nf3 Nb4 10. O-O Be7 11. a3 N4d5 12. Qe2 O-O 13. Ne1 Rc8 14. Nd3 Bxd3
15. Qxd3 c5 16. dxc5 Nxe3 17. Qxe3 Rxc5 18. Rfe1 1/2-1/2

[Event "XXI Dobczyce"]
[Site "Dobczyce "]
[Date "2013.??.??"]
[Round "8.4"]
[White "Watorek, Marcin"]
[Black "Bus, Konrad"]
[Result "1/2-1/2"]
[WhiteElo "2122"]
[BlackElo "2070"]
[PlyCount "55"]
[EventDate "2013.??.??"]

1. d4 d5 2. c4 c6 3. Nf3 Nf6 4. Nc3 a6 5. a4 e6 6. Bg5 h6 7. Bxf6 Qxf6 8. e3
Nd7 9. Bd3 g6 10. O-O Bg7 11. h3 O-O 12. e4 dxe4 13. Nxe4 Qd8 14. Bc2 Nf6 15.
c5 Nxe4 16. Bxe4 Qc7 17. Qc2 e5 18. Nxe5 Bxe5 19. dxe5 Qxe5 20. Rfe1 Qg7 21.
Re3 Re8 22. Qb3 Re7 23. Rd1 Be6 24. Qb6 Rae8 25. Bf3 Qf6 26. b4 Bc4 27. Rxe7
Rxe7 28. Rc1 1/2-1/2

[Event "XXI Dobczyce"]
[Site "Dobczyce "]
[Date "2013.??.??"]
[Round "8.5"]
[White "Slabek, Grzegorz"]
[Black "Popiol, Michal"]
[Result "1-0"]
[WhiteElo "2056"]
[BlackElo "1865"]
[PlyCount "49"]
[EventDate "2013.??.??"]

1. Nf3 Nf6 2. e3 g6 3. b4 Bg7 4. Bb2 O-O 5. Be2 d6 6. O-O e5 7. c4 Nbd7 8. d4
e4 9. Nfd2 Re8 10. Nc3 Nf8 11. Qc2 Bf5 12. d5 h5 13. a4 Qe7 14. a5 h4 15. a6 b6
16. Nb5 h3 17. g3 Bg4 18. Bxf6 Bxf6 19. Bxg4 Bxa1 20. Rxa1 Nh7 21. Bxh3 Ng5 22.
Bg2 Nf3+ 23. Nxf3 exf3 24. Bxf3 Qf6 25. Nd4 1-0